000 00575nam a2200181Ia 4500
005 20250508161513.0
008 008 250505s9999 xx 000 0 eng d
037 _aTextual
040 _aFEDL
_beng
_cFEDL
041 _aeng
_2eng
084 _a323.2, DES
_qFEDL
100 _aDesai Mahadev Haribhai
_9130984
245 0 _aRighteous struggle : A chronicle of the Ahmedabad textile labourers fight for justice
260 _aAhmedabad, India
_bNavjivan Prakashan Mandir
_c1951
300 _avi,97p.
942 _cTEXL
_h323.2, DES
999 _c1370383
_d1370383